Дело об ассигновании денег в 1874 году на содержание политических ссыльных, находящихся в Костромской губернии

Доступно только в Электронных читальных залах Найти на картеНа карте
RUSMARC
00003760nmc2a22000003x 450
001a404bfdc-ba3e-4e68-a129-93342daa2468
00520210422110519.0
100##$a20190328l18731874k l0rusy0189 ca
1010#$arus
102##$aRU
2001#$aДело об ассигновании денег в 1874 году на содержание политических ссыльных, находящихся в Костромской губернии
$j2 мая 1873 г. - 11 декабря 1874 г.
$hЧасть 12
251##$cДело
300##$aДело
801#0$aRU
$bРГИА
$c20190328
$gRCR
801#1$aRU
$bГлавНИВЦ
$c20190328
$2rusmarc
801#2$aRU
$bПБ им. Б.Н. Ельцина
$c20210422
$gRCR
$2rusmarc
850##$aРГИА
852##$aРГИА
$eФедеральное казенное учреждение "Российский государственный исторический архив" (РГИА)
$j1037
937##$hРГИА
$d12311936
$aASBIBLIO_SCAN
462#0$10014af67a45-48db-4e4b-9cc3-13b4608e89f1
$12001
$aДела Департамента полиции исполнительной МВД за 1873 год
$1251
$cОпись
$1852
$j34
$l1873 г.
461#0$10013e300ed0-cd39-49af-8489-5ba5b90fa401
$12001
$aДепартамент полиции исполнительной МВД
$1251
$cФонд
$1852
$j1286
215##$a35 л.
$d36,5х26 см
371##$aДокумент не является опубликованным и широко распространяемым
105##$ay###
1222#$ad
035##$aa404bfdc-ba3e-4e68-a129-93342daa2468
856##$uhttp://readingroom.main.prlib.ru/item.aspx?id_node=n163038122&mode=full
Формат отображения